000 00618nam a22001937a 4500
005 20251108164939.0
008 250721s1995 xx 000 0 ara d
082 1 4 _a658/درا
100 1 _aدراكر، بيترف
245 1 0 _aالإدارة و المستقبل :
_bالتسعينات وما بعدها /
264 1 _aالقاهرة :
_bالدار الدولية للنشر والتوزيع،
_c1995.
300 _a528ص
650 1 7 _aالإدارة
650 1 7 _aتقنيات الإدارة
650 1 7 _aالتنظيم
700 1 _aبطرس، صليب
_eترجمة
942 _2ddc
_cBK
999 _c18108
_d18108